书目信息 |
| 题名: |
第四纪地质学
|
|
| 作者: | 华东师大 编 | |
| 分册: | ||
| 出版信息: | 石家庄 河北师范大学出版社 1983 |
|
| 页数: | 193页 | |
| 开本: | 26cm | |
| 丛书名: | ||
| 单 册: | ||
| 中图分类: | P534.63 | |
| 科图分类: | ||
| 主题词: | 第四纪地质 | |
| 电子资源: | ||
| ISBN: | ||
| 000 | 00566nam0 2200205 45 | |
| 001 | 0183006521 | |
| 005 | 20070804180220.95 | |
| 100 | @a19950703d1983 em y0chiy0121 ea | |
| 101 | 0 | @achi |
| 102 | @aCN | |
| 102 | @aCN@b130000 | |
| 105 | @ay z 000yy | |
| 200 | 10 | @a第四纪地质学@Adi si ji di zhi xue@f华东师大等编@Fhua dong shi da deng bian |
| 210 | @a石家庄@c河北师范大学出版社@d1983 | |
| 215 | @a193页@d26cm | |
| 606 | @a第四纪地质 | |
| 690 | @aP534.63@v3 | |
| 701 | 0 | @a华东师大@Ahua dong shi da@4编 |
| 801 | 2 | @aCN@bNLC@c20070804 |
| 905 | @a10447@dP534.63@e101 | |
| 第四纪地质学/华东师大等编.-石家庄:河北师范大学出版社,1983 |
| 193页;26cm |
| ISBN : |
| ● |
| 相关链接 |
|
|
|
|
正题名:第四纪地质学
索取号:P534.63/101
 
预约/预借
| 序号 | 登录号 | 条形码 | 馆藏地/架位号 | 状态 | 备注 |
| 1 | 0791548 | 207915489 | 第二样本阅览室/ [索取号:P534.63/101] | 在馆 |